Are you afraid of the dark (Record no. 107826)
[ view plain ]
| 000 -LEADER | |
|---|---|
| fixed length control field | 00520nam a2200205Ia 4500 |
| 003 - CONTROL NUMBER IDENTIFIER | |
| control field | OSt |
| 005 - DATE AND TIME OF LATEST TRANSACTION | |
| control field | 20250428105111.0 |
| 008 - FIXED-LENGTH DATA ELEMENTS--GENERAL INFORMATION | |
| fixed length control field | 210210b2005 xxu||||| |||| 00| 0 eng d |
| 020 ## - INTERNATIONAL STANDARD BOOK NUMBER | |
| International Standard Book Number | 0 446 61625 7 |
| 040 ## - CATALOGING SOURCE | |
| Transcribing agency | AL |
| 041 ## - LANGUAGE CODE | |
| Language code of text/sound track or separate title | English |
| 082 ## - DEWEY DECIMAL CLASSIFICATION NUMBER | |
| Classification number | 813.54 SHEA |
| 100 ## - MAIN ENTRY--PERSONAL NAME | |
| Personal name | SHELDON (Sidney). |
| 9 (RLIN) | 168192 |
| 245 ## - TITLE STATEMENT | |
| Title | Are you afraid of the dark |
| 260 ## - PUBLICATION, DISTRIBUTION, ETC. | |
| Place of publication, distribution, etc. | New York |
| Name of publisher, distributor, etc. | Harper Collins Publishers, Inc. |
| Date of publication, distribution, etc. | 2005 |
| 300 ## - PHYSICAL DESCRIPTION | |
| Extent | 398 |
| 690 ## - LOCAL SUBJECT ADDED ENTRY--TOPICAL TERM (OCLC, RLIN) | |
| Topical term or geographic name as entry element | American English Fiction |
| 9 (RLIN) | 168193 |
| 906 ## - LOCAL DATA ELEMENT F, LDF (RLIN) | |
| a | 061170 |
| 942 ## - ADDED ENTRY ELEMENTS (KOHA) | |
| Source of classification or shelving scheme | Dewey Decimal Classification |
| Koha item type | Book |
| Withdrawn status | Lost status | Source of classification or shelving scheme | Damaged status | Not for loan | Collection code | Home library | Current library | Shelving location | Date acquired | Source of acquisition | Cost, normal purchase price | Total Checkouts | Full call number | Barcode | Date last seen | Date last checked out | Price effective from | Koha item type |
|---|---|---|---|---|---|---|---|---|---|---|---|---|---|---|---|---|---|---|
| Dewey Decimal Classification | English | St Aloysius Library | St Aloysius Library | 02/17/2021 | Higginbothams Pvt. Ltd. Mangalore 01 | 185.00 | 4 | 813.54 SHEA | 061170 | 01/02/2026 | 12/18/2025 | 02/17/2021 | Book | |||||
| Dewey Decimal Classification | English | St Aloysius Library | St Aloysius Library | Secondary stack section | 02/17/2021 | Higginbothams (P) Ltd., Mangalore-01 | 195.00 | 2 | 813.54 SHEA | 062551 | 12/12/2025 | 12/02/2025 | 02/17/2021 | Book |